[Event "33. Abierto Ciudad de Sevilla"]
[Site "Sevilla ESP"]
[Date "2008.01.07"]
[Round "3.10"]
[White "Fenollar Jorda, Manuel"]
[Black "Paunovic, Dragan"]
[Result "0-1"]
[WhiteElo "2253"]
[BlackElo "2522"]
[PlyCount "54"]
[EventDate "2008.01.05"]
[EventType "swiss"]
[EventRounds "9"]
[EventCountry "ESP"]
[Source "lmi"]
[SourceDate "2008.01.05"]

1. e4 c5 2. Nf3 e6 3. d4 cxd4 4. Nxd4 a6 5. c4 Nf6 6. Nc3 Bb4 7. Qc2 Qc7 8. a3
Bc5 9. Nb3 Be7 10. Be2 O-O 11. O-O d6 12. Be3 Nbd7 13. Rfc1 b6 14. a4 Ne5 15.
f3 Rb8 16. a5 bxa5 17. Nxa5 Bd7 18. Qd2 Rfc8 19. b4 d5 20. c5 dxe4 21. Nxe4
Nxe4 22. fxe4 Rd8 23. Qe1 Bb5 24. Nc4 Bxc4 25. Bxc4 Ng4 26. g3 Nxe3 27. Qxe3
Bf6 0-1

[Event "33. Abierto Ciudad de Sevilla"]
[Site "Sevilla ESP"]
[Date "2008.01.07"]
[Round "3.12"]
[White "Muratet Casadevall, Albert"]
[Black "Narciso Dublan, Marc"]
[Result "0-1"]
[WhiteElo "2198"]
[BlackElo "2513"]
[PlyCount "74"]
[EventDate "2008.01.05"]
[EventType "swiss"]
[EventRounds "9"]
[EventCountry "ESP"]
[Source "lmi"]
[SourceDate "2008.01.05"]

1. e4 e6 2. d4 d5 3. exd5 exd5 4. Bd3 Nf6 5. Nc3 Nc6 6. Nf3 Nb4 7. O-O Be7 8.
Ne5 O-O 9. Re1 Nxd3 10. Qxd3 Ne8 11. Qf3 c6 12. Ne2 Nc7 13. Ng3 f6 14. Nd3 Re8
15. Bd2 Bf8 16. c3 Bd7 17. a4 b6 18. h4 Qc8 19. Rxe8 Qxe8 20. Nh5 Qg6 21. Qg3
Qxg3 22. Nxg3 a5 23. Re1 c5 24. b3 c4 25. bxc4 dxc4 26. Nb2 b5 27. Nf1 Ba3 28.
Bc1 Nd5 29. axb5 Bxb5 30. Ng3 a4 31. Nd3 cxd3 32. Bxa3 Nxc3 33. Nf1 Ne2+ 34.
Kh2 Nxd4 35. Ne3 d2 36. Rb1 Bd3 37. Rb7 Nc2 0-1

[Event "33. Abierto Ciudad de Sevilla"]
[Site "Sevilla ESP"]
[Date "2008.01.07"]
[Round "3.13"]
[White "Rizouk, Aimen"]
[Black "Robles Garcia, Claudia"]
[Result "1/2-1/2"]
[WhiteElo "2498"]
[BlackElo "2203"]
[PlyCount "49"]
[EventDate "2008.01.05"]
[EventType "swiss"]
[EventRounds "9"]
[EventCountry "ESP"]
[Source "lmi"]
[SourceDate "2008.01.05"]

1. e4 c5 2. Nf3 d6 3. d4 cxd4 4. Nxd4 Nf6 5. Nc3 a6 6. Be3 e5 7. Nf3 Be7 8. Bc4
O-O 9. O-O Nc6 10. Re1 h6 11. Qd3 Be6 12. Bb3 Na5 13. Bxe6 fxe6 14. Na4 Qe8 15.
Nb6 Rd8 16. c4 Nc6 17. Rad1 Qg6 18. Bc1 Nh5 19. Kh1 Nd4 20. Rf1 Nxf3 21. gxf3
Qf6 22. Rg1 Qxf3+ 23. Qxf3 Rxf3 24. Be3 Nf4 25. c5 1/2-1/2

[Event "33. Abierto Ciudad de Sevilla"]
[Site "Sevilla ESP"]
[Date "2008.01.07"]
[Round "3.17"]
[White "Barrenechea Bahamonde, Gustavo"]
[Black "Escobar Forero, Alder"]
[Result "0-1"]
[WhiteElo "2174"]
[BlackElo "2461"]
[PlyCount "78"]
[EventDate "2008.01.05"]
[EventType "swiss"]
[EventRounds "9"]
[EventCountry "ESP"]
[Source "lmi"]
[SourceDate "2008.01.05"]

1. e4 c5 2. Nf3 e6 3. d4 cxd4 4. Nxd4 Nf6 5. Nc3 d6 6. Be2 Be7 7. O-O O-O 8.
Be3 a6 9. f4 Nbd7 10. Bf3 Qc7 11. g4 Nb6 12. g5 Ne8 13. Kh1 Nc4 14. Bc1 b5 15.
a3 Bb7 16. Bg2 e5 17. Nf5 exf4 18. Bxf4 Ne5 19. a4 bxa4 20. Rxa4 Qd8 21. Rd4
Ng6 22. Nd5 Bxd5 23. Rxd5 Nxf4 24. Nxe7+ Qxe7 25. Rxf4 Rb8 26. b3 Nc7 27. Rxd6
Rbd8 28. e5 Nb5 29. g6 Nxd6 30. exd6 Qxd6 31. gxh7+ Kxh7 32. Be4+ Kg8 33. Qh5
Qd1+ 34. Qxd1 Rxd1+ 35. Kg2 g6 36. Bd3 Rc8 37. Rf6 Rd2+ 38. Kg3 Rc3 39. Rxa6
Rdxc2 0-1

[Event "33. Abierto Ciudad de Sevilla"]
[Site "Sevilla ESP"]
[Date "2008.01.07"]
[Round "3.18"]
[White "Spraggett, Kevin"]
[Black "Rodriguez Aguilera, Aurelio"]
[Result "1-0"]
[WhiteElo "2588"]
[BlackElo "1973"]
[PlyCount "89"]
[EventDate "2008.01.05"]
[EventType "swiss"]
[EventRounds "9"]
[EventCountry "ESP"]
[Source "lmi"]
[SourceDate "2008.01.05"]

1. e4 d5 2. exd5 Qxd5 3. Nf3 c6 4. d4 Bf5 5. c4 Qa5+ 6. Nc3 Nf6 7. Be2 e6 8.
O-O Bd6 9. Nh4 Bg6 10. Bf3 O-O 11. Nxg6 hxg6 12. g3 Nbd7 13. a3 Rad8 14. Be3 a6
15. b4 Qc7 16. Rc1 Qb8 17. Qb3 Rc8 18. Rfe1 b5 19. c5 Be7 20. Re2 Rfe8 21. a4
Nd5 22. axb5 axb5 23. Nxd5 exd5 24. Bf4 Qa8 25. Bg4 f5 26. Bf3 Bf6 27. Ra2 Qb7
28. Bd6 Kh8 29. g4 Nf8 30. gxf5 gxf5 31. Qd3 g6 32. Rca1 Ra8 33. Rxa8 Rxa8 34.
Rxa8 Qxa8 35. Qe3 Nh7 36. Qe6 Qa1+ 37. Kg2 Qxd4 38. Qc8+ Kg7 39. Qxc6 Ng5 40.
Qd7+ Kh8 41. Qc8+ Kh7 42. Qb7+ Kh8 43. Bxd5 Qg4+ 44. Bg3 Bd4 45. Qe7 1-0

[Event "33. Abierto Ciudad de Sevilla"]
[Site "Sevilla ESP"]
[Date "2008.01.07"]
[Round "3.19"]
[White "Lariño Nieto, David"]
[Black "Navarro Coloma, Antonio"]
[Result "1-0"]
[WhiteElo "2439"]
[BlackElo "1964"]
[PlyCount "75"]
[EventDate "2008.01.05"]
[EventType "swiss"]
[EventRounds "9"]
[EventCountry "ESP"]
[Source "lmi"]
[SourceDate "2008.01.05"]

1. e4 e6 2. d3 d5 3. Nd2 Nf6 4. Ngf3 c5 5. c3 Nc6 6. g3 Be7 7. Bg2 d4 8. Qe2 e5
9. h3 b6 10. Nc4 Qc7 11. cxd4 cxd4 12. Bd2 Ba6 13. Rc1 Bxc4 14. Rxc4 Rc8 15.
O-O Qd7 16. Rfc1 O-O 17. Qd1 b5 18. R4c2 Bd6 19. Nh4 Ne7 20. Bg5 Qe6 21. Rxc8
Rxc8 22. Rxc8+ Nxc8 23. Nf5 Ne7 24. Nxd6 Qxd6 25. f4 h6 26. fxe5 Qxe5 27. Bf4
Qc5 28. a4 Ng6 29. axb5 Qxb5 30. Qc2 Qb4 31. Kf2 Nh5 32. Bc7 Qe7 33. Bf3 Nf6
34. Qc6 Ne5 35. Qa8+ Kh7 36. Bxe5 Qxe5 37. Qxa7 Qb5 38. Qxd4 1-0

[Event "33. Abierto Ciudad de Sevilla"]
[Site "Sevilla ESP"]
[Date "2008.01.07"]
[Round "3.20"]
[White "Razmyslov, Alexander"]
[Black "Calle Moreau, Sergio"]
[Result "1-0"]
[WhiteElo "2392"]
[BlackElo "1959"]
[PlyCount "49"]
[EventDate "2008.01.05"]
[EventType "swiss"]
[EventRounds "9"]
[EventCountry "ESP"]
[Source "lmi"]
[SourceDate "2008.01.05"]

1. e4 c5 2. Nf3 d6 3. d4 cxd4 4. Qxd4 Nc6 5. Bb5 Bd7 6. Bxc6 Bxc6 7. Nc3 Nf6 8.
Bg5 e6 9. O-O-O b5 10. Rhe1 Be7 11. Bxf6 gxf6 12. Nd5 Bxd5 13. exd5 e5 14. Qd3
Qa5 15. Nh4 a6 16. Kb1 Rc8 17. g3 Rc4 18. Re4 Rc7 19. Nf5 Kd7 20. Ne3 Rhc8 21.
Rg4 Bf8 22. Qxh7 Ke7 23. Nf5+ Ke8 24. Rg8 Rxc2 25. Rxf8+ 1-0

[Event "33. Abierto Ciudad de Sevilla"]
[Site "Sevilla ESP"]
[Date "2008.01.07"]
[Round "4.2"]
[White "Narciso Dublan, Marc"]
[Black "Lopez Martinez, Josep Manuel"]
[Result "0-1"]
[WhiteElo "2513"]
[BlackElo "2550"]
[PlyCount "40"]
[EventDate "2008.01.05"]
[EventType "swiss"]
[EventRounds "9"]
[EventCountry "ESP"]
[Source "lmi"]
[SourceDate "2008.01.05"]

1. d4 Nf6 2. c4 g6 3. Nc3 Bg7 4. e4 d6 5. h3 O-O 6. Bg5 Na6 7. Nf3 Qe8 8. g4 e5
9. d5 Nd7 10. Rg1 Kh8 11. a3 f5 12. gxf5 gxf5 13. b4 Nf6 14. Qd2 Nxe4 15. Nxe4
fxe4 16. Bh6 Bxh6 17. Qxh6 Qf7 18. Nd2 Qxf2+ 19. Kd1 Rf7 20. Qg5 Bd7 0-1

[Event "33. Abierto Ciudad de Sevilla"]
[Site "Sevilla ESP"]
[Date "2008.01.07"]
[Round "4.6"]
[White "Escobar Forero, Alder"]
[Black "Burmakin, Vladimir"]
[Result "0-1"]
[WhiteElo "2461"]
[BlackElo "2611"]
[PlyCount "81"]
[EventDate "2008.01.05"]
[EventType "swiss"]
[EventRounds "9"]
[EventCountry "ESP"]
[Source "lmi"]
[SourceDate "2008.01.05"]

1. e4 c6 2. d4 d5 3. e5 Bf5 4. Be2 e6 5. Nf3 Nd7 6. O-O h6 7. Nbd2 Ne7 8. Ne1
c5 9. c3 Nc6 10. Ndf3 cxd4 11. cxd4 Qb6 12. a3 a5 13. Qa4 Be7 14. Nd3 O-O 15.
Be3 Rfc8 16. Rfc1 Qa7 17. Nf4 Nb6 18. Qb5 a4 19. Rc3 Qa5 20. Rac1 Qxb5 21. Bxb5
Na7 22. Rxc8+ Rxc8 23. Rxc8+ Naxc8 24. Nd2 g5 25. Nh5 Na7 26. Be2 Nd7 27. g4
Bc2 28. h4 Kh7 29. hxg5 hxg5 30. Kh2 b5 31. Nf3 Kg6 32. Kg3 Nb6 33. Nf6 Nc4 34.
Bc1 Nc6 35. Bxg5 Nxb2 36. Bxb5 Na7 37. Nh4+ Kg7 38. Ne8+ Kf8 39. Bxe7+ Kxe7 40.
Nd6 Nd1 41. Be8 0-1

[Event "33. Abierto Ciudad de Sevilla"]
[Site "Sevilla ESP"]
[Date "2008.01.07"]
[Round "4.7"]
[White "Korneev, Oleg"]
[Black "Razmyslov, Alexander"]
[Result "1-0"]
[WhiteElo "2645"]
[BlackElo "2392"]
[PlyCount "69"]
[EventDate "2008.01.05"]
[EventType "swiss"]
[EventRounds "9"]
[EventCountry "ESP"]
[Source "lmi"]
[SourceDate "2008.01.05"]

1. e4 b6 2. d4 Bb7 3. Bd3 Nf6 4. Nd2 e6 5. Ngf3 c5 6. c3 cxd4 7. cxd4 Ba6 8.
Bxa6 Nxa6 9. O-O Be7 10. a3 O-O 11. Qe2 Nc7 12. Re1 Qc8 13. Nf1 Qa6 14. Qd1
Rac8 15. Ng3 b5 16. Bg5 Bd8 17. Qd3 h6 18. Bd2 Be7 19. Bc3 d5 20. e5 Ne4 21.
Bb4 Rfe8 22. Nh5 Bd8 23. h4 Na8 24. Nd2 Nxd2 25. Bxd2 Kh8 26. Re3 Rg8 27. Rg3
Be7 28. Rg4 Qc6 29. Rc1 Qe8 30. Rxc8 Qxc8 31. Qg3 Qf8 32. Bg5 g6 33. Bf6+ Bxf6
34. Nxf6 h5 35. Rf4 1-0

[Event "33. Abierto Ciudad de Sevilla"]
[Site "Sevilla ESP"]
[Date "2008.01.07"]
[Round "4.8"]
[White "Garcia Luque, Agustin"]
[Black "Spraggett, Kevin"]
[Result "0-1"]
[WhiteElo "2387"]
[BlackElo "2588"]
[PlyCount "108"]
[EventDate "2008.01.05"]
[EventType "swiss"]
[EventRounds "9"]
[EventCountry "ESP"]
[Source "lmi"]
[SourceDate "2008.01.05"]

1. Nf3 c5 2. g3 b6 3. Bg2 Bb7 4. O-O Nf6 5. d3 d6 6. a3 Nbd7 7. b4 g6 8. Bb2
Bg7 9. Nbd2 O-O 10. e4 Qc7 11. Re1 Rfe8 12. Nc4 Rad8 13. b5 e5 14. a4 a5 15.
Nfd2 Nf8 16. Ne3 Ne6 17. Nd5 Nxd5 18. exd5 Nf8 19. Nc4 Nd7 20. Qd2 Nf6 21. Ne3
h5 22. Rf1 Re7 23. Rae1 Rde8 24. Qc1 h4 25. Qd1 Bc8 26. c4 Qd8 27. Ba1 Ra7 28.
Bf3 Nh7 29. Ng2 hxg3 30. fxg3 Rf8 31. Re2 Ng5 32. Ne1 Nxf3+ 33. Nxf3 Bh3 34.
Rff2 f5 35. Bb2 Bh6 36. Bc1 g5 37. Re1 Rh7 38. Kh1 Bg4 39. Qc2 Bh5 40. Ref1 Qe7
41. Nd2 Rhf7 42. Kg2 Rf6 43. Nf3 Qg7 44. Nd2 Kh8 45. Nf3 R8f7 46. Bb2 Bxf3+ 47.
Rxf3 g4 48. R3f2 Be3 49. Re2 Qh6 50. Rxe3 Rh7 51. h4 gxh3+ 52. Kf2 f4 53. Rf3
fxg3+ 54. Kg1 Qe3+ 0-1

[Event "33. Abierto Ciudad de Sevilla"]
[Site "Sevilla ESP"]
[Date "2008.01.07"]
[Round "4.11"]
[White "Carretero Ortiz, Francisco"]
[Black "Rizouk, Aimen"]
[Result "0-1"]
[WhiteElo "2233"]
[BlackElo "2498"]
[PlyCount "162"]
[EventDate "2008.01.05"]
[EventType "swiss"]
[EventRounds "9"]
[EventCountry "ESP"]
[Source "lmi"]
[SourceDate "2008.01.05"]

1. e4 c5 2. Nf3 d6 3. d4 cxd4 4. Qxd4 Nc6 5. Bb5 Bd7 6. Bxc6 Bxc6 7. Nc3 Nf6 8.
Bg5 e6 9. O-O-O Be7 10. Rhe1 O-O 11. e5 dxe5 12. Nxe5 Qa5 13. Qh4 Rfd8 14. Ng4
Rxd1+ 15. Rxd1 Qf5 16. Bxf6 Bxf6 17. Qxf6 Qxf6 18. Nxf6+ gxf6 19. Rd4 f5 20. g3
Kg7 21. f4 h5 22. h4 Kf6 23. Kd2 Ke7 24. Ke3 f6 25. Rd1 Rg8 26. Kf2 Rc8 27. Re1
b5 28. Ne2 Rd8 29. Ke3 Be4 30. Nc3 Bc6 31. Rd1 Rc8 32. a3 a6 33. Rd2 Bb7 34.
Rf2 Re8 35. Ne2 Be4 36. Kd2 Rd8+ 37. Kc1 Rg8 38. Kd2 e5 39. Rf1 Ke6 40. Rf2
Rd8+ 41. Kc1 a5 42. Nc3 Bc6 43. b4 axb4 44. axb4 Rg8 45. Ne2 Bd5 46. Kd2 Bc4
47. Rf3 Rd8+ 48. Ke1 Ra8 49. Re3 Kd5 50. Nc3+ Kd4 51. Kd2 Rg8 52. Nd1 exf4 53.
c3+ Kd5 54. gxf4 Rg4 55. Re8 Rxf4 56. Ne3+ Kd6 57. Rd8+ Ke5 58. Re8+ Be6 59. c4
bxc4 60. b5 Rd4+ 61. Kc2 f4 62. b6 Rd7 63. Nxc4+ Kd5 64. Na5 f3 65. b7 Rxb7 66.
Nxb7 f2 67. Rd8+ Ke5 68. Rd1 Bc4 69. Kd2 Kf4 70. Nc5 f1=Q 71. Rxf1+ Bxf1 72.
Ke1 Bc4 73. Kf2 f5 74. Nd7 Bb3 75. Nf6 Bd1 76. Nd5+ Ke5 77. Ne3 Bb3 78. Ng2 f4
79. Ne1 Ke4 80. Ng2 Bd1 81. Ne1 f3 0-1

[Event "33. Abierto Ciudad de Sevilla"]
[Site "Sevilla ESP"]
[Date "2008.01.07"]
[Round "4.12"]
[White "Medina Carrasco, Santiago"]
[Black "Fernandez Romero, Ernesto"]
[Result "0-1"]
[WhiteElo "2213"]
[BlackElo "2462"]
[PlyCount "74"]
[EventDate "2008.01.05"]
[EventType "swiss"]
[EventRounds "9"]
[EventCountry "ESP"]
[Source "lmi"]
[SourceDate "2008.01.05"]

1. d4 Nf6 2. c4 d6 3. Nc3 e5 4. Nf3 e4 5. Ng5 Qe7 6. g3 h6 7. Nh3 g5 8. Bg2 Bf5
9. Qb3 c6 10. O-O Qd7 11. f3 Bg7 12. Nf2 exf3 13. exf3 O-O 14. Re1 Na6 15. Be3
Rfe8 16. Nce4 Rad8 17. Rad1 d5 18. Nxf6+ Bxf6 19. cxd5 cxd5 20. h3 Re6 21. Ng4
Bg7 22. Bf2 Rb6 23. Qa3 Nb4 24. Ne5 Qd6 25. Qxa7 f6 26. Ng4 Nd3 27. Re7 Nxb2
28. Rc1 Nd3 29. Rcc7 Rb1+ 30. Bf1 Bd7 31. Rxg7+ Kxg7 32. Rxb7 Rxb7 33. Qxb7
Nxf2 34. Kxf2 Rb8 35. Qa7 Rb2+ 36. Be2 Qe7 37. Ne3 Rxe2+ 0-1

[Event "33. Abierto Ciudad de Sevilla"]
[Site "Sevilla ESP"]
[Date "2008.01.07"]
[Round "4.15"]
[White "Barrantes Muñoz, Hugo Pedro"]
[Black "Lariño Nieto, David"]
[Result "1-0"]
[WhiteElo "2180"]
[BlackElo "2439"]
[PlyCount "71"]
[EventDate "2008.01.05"]
[EventType "swiss"]
[EventRounds "9"]
[EventCountry "ESP"]
[Source "lmi"]
[SourceDate "2008.01.05"]

1. d4 e6 2. c4 c5 3. d5 exd5 4. cxd5 d6 5. Nc3 g6 6. Nf3 Bg7 7. Bf4 Nf6 8. Qa4+
Kf8 9. e4 Nh5 10. Bg5 Qe8 11. Qxe8+ Kxe8 12. Nd2 h6 13. Be3 Ke7 14. Be2 Nd7 15.
O-O a6 16. a4 Rb8 17. Nc4 Ne5 18. Nb6 Nf6 19. f4 Ned7 20. Nc4 Ne8 21. e5 b6 22.
Bg4 f5 23. exf6+ Nexf6 24. Be6 Re8 25. Rfe1 b5 26. axb5 axb5 27. Na5 Kf8 28.
Nc6 Rb6 29. f5 g5 30. Bf2 Ng4 31. Bg3 Be5 32. Ne4 Bxg3 33. hxg3 Ndf6 34. Nxd6
Bxe6 35. fxe6 Ra8 36. e7+ 1-0

[Event "33. Abierto Ciudad de Sevilla"]
[Site "Sevilla ESP"]
[Date "2008.01.07"]
[Round "4.17"]
[White "Aroshidze, Levan"]
[Black "Fernandez Lago, David"]
[Result "1-0"]
[WhiteElo "2535"]
[BlackElo "2046"]
[PlyCount "49"]
[EventDate "2008.01.05"]
[EventType "swiss"]
[EventRounds "9"]
[EventCountry "ESP"]
[Source "lmi"]
[SourceDate "2008.01.05"]

1. e4 c5 2. Nf3 e6 3. d4 cxd4 4. Nxd4 Nf6 5. Nc3 Nc6 6. Be2 Bb4 7. O-O Bxc3 8.
bxc3 Nxe4 9. Qd3 d5 10. Ba3 a6 11. c4 Ne7 12. cxd5 exd5 13. c4 Nf6 14. cxd5
Nfxd5 15. Bf3 O-O 16. Bxd5 Nxd5 17. Bxf8 Qxf8 18. Rfe1 Nf4 19. Qe4 Ne6 20. Nxe6
fxe6 21. Rac1 Bd7 22. Qxb7 Qe8 23. Rc7 Rb8 24. Qa7 Rd8 25. Rd1 1-0

[Event "33. Abierto Ciudad de Sevilla"]
[Site "Sevilla ESP"]
[Date "2008.01.08"]
[Round "5.4"]
[White "Rizouk, Aimen"]
[Black "Khamrakulov, Ibragim S"]
[Result "0-1"]
[WhiteElo "2498"]
[BlackElo "2589"]
[PlyCount "62"]
[EventDate "2008.01.05"]
[EventType "swiss"]
[EventRounds "9"]
[EventCountry "ESP"]
[Source "lmi"]
[SourceDate "2008.01.05"]

1. e4 e6 2. d4 d5 3. Nd2 c5 4. Ngf3 Nc6 5. exd5 exd5 6. dxc5 Bxc5 7. Nb3 Bb6 8.
Bb5 Nf6 9. O-O O-O 10. Bg5 Bg4 11. c3 a6 12. Be2 Re8 13. Nfd4 Bxe2 14. Nxe2 Qd6
15. Bf4 Qe6 16. Ned4 Qe4 17. Be3 Ne5 18. Nc2 Bc7 19. Bg5 Neg4 20. h3 h6 21. Nd2
Qg6 22. Bxf6 Nxf6 23. Nf3 Nh5 24. Kh1 Nf4 25. Nce1 Re4 26. Rg1 Qf5 27. Nh2 Ne2
28. Nef3 Nxg1 29. Kxg1 Bxh2+ 30. Kxh2 Rae8 31. Kg1 Re2 0-1

[Event "33. Abierto Ciudad de Sevilla"]
[Site "Sevilla ESP"]
[Date "2008.01.08"]
[Round "5.5"]
[White "Spraggett, Kevin"]
[Black "Belezky, Alexander"]
[Result "1-0"]
[WhiteElo "2588"]
[BlackElo "2449"]
[PlyCount "69"]
[EventDate "2008.01.05"]
[EventType "swiss"]
[EventRounds "9"]
[EventCountry "ESP"]
[Source "lmi"]
[SourceDate "2008.01.05"]

1. e4 c5 2. Nf3 Nc6 3. d4 cxd4 4. Nxd4 g6 5. Nc3 Nf6 6. Nxc6 bxc6 7. e5 Ng8 8.
Bc4 Bg7 9. Bf4 f6 10. Qe2 fxe5 11. Bxe5 Bxe5 12. Qxe5 Nf6 13. Ne4 Kf8 14. O-O-O
d5 15. Rhe1 Bf5 16. Nxf6 exf6 17. Qf4 Kf7 18. g4 Be6 19. g5 Re8 20. h4 Bf5 21.
Rxe8 Kxe8 22. Bd3 Qb8 23. Re1+ Kf7 24. Qd4 Qd6 25. Bxf5 gxf5 26. gxf6 Qxf6 27.
Re5 f4 28. c4 dxc4 29. Qe4 Kg8 30. Rf5 Qd6 31. Qxc4+ Kg7 32. Qc3+ Kg8 33. Rg5+
Kf7 34. Qg7+ Ke6 35. Qh6+ 1-0

[Event "33. Abierto Ciudad de Sevilla"]
[Site "Sevilla ESP"]
[Date "2008.01.08"]
[Round "5.6"]
[White "Fernandez Romero, Ernesto"]
[Black "Epishin, Vladimir"]
[Result "1/2-1/2"]
[WhiteElo "2462"]
[BlackElo "2577"]
[PlyCount "54"]
[EventDate "2008.01.05"]
[EventType "swiss"]
[EventRounds "9"]
[EventCountry "ESP"]
[Source "lmi"]
[SourceDate "2008.01.05"]

1. e4 c6 2. d4 d5 3. Nc3 dxe4 4. Nxe4 Bf5 5. Ng3 Bg6 6. h4 h6 7. Nf3 Nd7 8. h5
Bh7 9. Bd3 Bxd3 10. Qxd3 Qc7 11. Bd2 Ngf6 12. O-O-O e6 13. Ne4 O-O-O 14. g3
Nxe4 15. Qxe4 Nf6 16. Qe2 Rd5 17. c4 Rxh5 18. Rxh5 Nxh5 19. Qe5 Nf6 20. Qxc7+
Kxc7 21. Ne5 Rh7 22. Nxf7 g5 23. Ne5 Ne4 24. Be3 Bg7 25. Nd3 Rh8 26. g4 Rf8 27.
Kc2 b6 1/2-1/2

[Event "33. Abierto Ciudad de Sevilla"]
[Site "Sevilla ESP"]
[Date "2008.01.08"]
[Round "5.8"]
[White "Movsziszian, Karen"]
[Black "Barrantes Muñoz, Hugo Pedro"]
[Result "1-0"]
[WhiteElo "2527"]
[BlackElo "2180"]
[PlyCount "73"]
[EventDate "2008.01.05"]
[EventType "swiss"]
[EventRounds "9"]
[EventCountry "ESP"]
[Source "lmi"]
[SourceDate "2008.01.05"]

1. g3 c5 2. Bg2 Nc6 3. e4 g6 4. d3 Bg7 5. f4 d6 6. Nf3 Nf6 7. O-O O-O 8. Nc3
Bg4 9. h3 Bxf3 10. Qxf3 Rb8 11. Qf2 Nd7 12. g4 Nd4 13. Nd1 b5 14. c3 Nc6 15. h4
b4 16. g5 bxc3 17. bxc3 Nb4 18. Qe2 c4 19. d4 Nd3 20. e5 Nxc1 21. Rxc1 e6 22.
h5 dxe5 23. h6 Bh8 24. dxe5 Nxe5 25. fxe5 Qxg5 26. Nf2 Rb5 27. Ne4 Qxh6 28.
Nf6+ Bxf6 29. exf6 Qh4 30. Rcd1 Rh5 31. Rf2 Qh2+ 32. Kf1 Rh4 33. Qe3 Qb8 34. a4
Rd8 35. Rxd8+ Qxd8 36. Ke1 Rh5 37. Qd4 1-0

[Event "33. Abierto Ciudad de Sevilla"]
[Site "Sevilla ESP"]
[Date "2008.01.08"]
[Round "5.10"]
[White "Soria Castillo, Ricardo"]
[Black "Aroshidze, Levan"]
[Result "0-1"]
[WhiteElo "2186"]
[BlackElo "2535"]
[PlyCount "110"]
[EventDate "2008.01.05"]
[EventType "swiss"]
[EventRounds "9"]
[EventCountry "ESP"]
[Source "lmi"]
[SourceDate "2008.01.05"]

1. e4 c5 2. Nf3 d6 3. d4 cxd4 4. Nxd4 Nf6 5. Nc3 a6 6. a4 e6 7. a5 Nc6 8. Nb3
Nd7 9. Be2 b5 10. axb6 Nxb6 11. O-O Be7 12. Be3 Bb7 13. Nd4 Ne5 14. f4 Nec4 15.
Bf2 Qc8 16. Qc1 Nd7 17. f5 Nf6 18. fxe6 fxe6 19. Qg5 O-O 20. Bg4 Nxg4 21. Qxg4
Rf6 22. Nd1 Nd2 23. Re1 Rg6 24. Qf4 Bg5 25. Qxd6 Nc4 26. Qb4 Bd2 27. Nc3 Bxe1
28. Rxe1 Kh8 29. Bg3 a5 30. Qb3 Ba6 31. Na4 Qd7 32. Nf3 Nd2 33. Nb6 Nxf3+ 34.
Qxf3 Qa7 35. Bf2 Rb8 36. c4 h6 37. c5 Rf6 38. Qd1 Rbf8 39. Bg3 Rf1+ 40. Rxf1
Rxf1+ 41. Qxf1 Bxf1 42. Kxf1 Qa6+ 43. Kf2 Qb5 44. Bd6 Qxb2+ 45. Kg3 a4 46. Nxa4
Qa3+ 47. Kf4 Qxa4 48. Ke5 Qd7 49. g4 Kg8 50. Kf4 Kf7 51. e5 Qa4+ 52. Kg3 g5 53.
h3 Ke8 54. Kg2 Qe4+ 55. Kh2 Qf3 0-1

[Event "33. Abierto Ciudad de Sevilla"]
[Site "Sevilla ESP"]
[Date "2008.01.08"]
[Round "5.12"]
[White "Zhao, Zong Yuan"]
[Black "Herrera Delgado, Alejandro"]
[Result "1-0"]
[WhiteElo "2487"]
[BlackElo "2156"]
[PlyCount "67"]
[EventDate "2008.01.05"]
[EventType "swiss"]
[EventRounds "9"]
[EventCountry "ESP"]
[Source "lmi"]
[SourceDate "2008.01.05"]

1. e4 c5 2. Nf3 Nc6 3. d4 cxd4 4. Nxd4 g6 5. c4 Nf6 6. Nc3 d6 7. Nc2 Bg7 8. Be2
Nd7 9. Bd2 a5 10. O-O O-O 11. Na3 Nd4 12. Be3 Nxe2+ 13. Qxe2 Bxc3 14. bxc3 Nc5
15. e5 Bf5 16. Rad1 Qc8 17. exd6 Ne4 18. dxe7 Re8 19. Bd4 Rxe7 20. f3 Qe6 21.
fxe4 Bg4 22. Qf2 Bxd1 23. Rxd1 Qg4 24. Rf1 f5 25. e5 a4 26. Nb5 a3 27. Nd6 Rd8
28. Qf3 Qxf3 29. gxf3 g5 30. c5 h5 31. Rb1 g4 32. f4 g3 33. hxg3 Rg7 34. Bf2
1-0

[Event "33. Abierto Ciudad de Sevilla"]
[Site "Sevilla ESP"]
[Date "2008.01.08"]
[Round "5.13"]
[White "Chasovnikova, Eugenia"]
[Black "Escobar Forero, Alder"]
[Result "1-0"]
[WhiteElo "2184"]
[BlackElo "2461"]
[PlyCount "83"]
[EventDate "2008.01.05"]
[EventType "swiss"]
[EventRounds "9"]
[EventCountry "ESP"]
[Source "lmi"]
[SourceDate "2008.01.05"]

1. d4 d5 2. c4 c6 3. Nc3 Nf6 4. Nf3 e6 5. Bg5 h6 6. Bh4 dxc4 7. e4 b5 8. Be2
Bb7 9. e5 g5 10. Bg3 Nd5 11. h4 g4 12. Nd2 h5 13. Nde4 Nxc3 14. bxc3 Nd7 15.
O-O c5 16. Nd6+ Bxd6 17. exd6 Qb6 18. a4 a6 19. Rb1 Qc6 20. f3 Nb6 21. axb5
axb5 22. dxc5 Nd7 23. Rf2 f5 24. Bf1 Rg8 25. Rfb2 Ba6 26. fxg4 Rxg4 27. Qe1
Qxc5+ 28. Bf2 Qxd6 29. Be2 Rg7 30. Rd1 Qf4 31. Bxh5+ Kf8 32. Rxd7 Rxd7 33. Qxe6
Qd6 34. Qxf5+ Kg8 35. Bd4 Rf8 36. Qg4+ Kh7 37. Re2 Rf4 38. Bg6+ Qxg6 39. Qxd7+
Rf7 40. Qd8 Qb1+ 41. Kh2 Qf1 42. Qh8+ 1-0

[Event "33. Abierto Ciudad de Sevilla"]
[Site "Sevilla ESP"]
[Date "2008.01.08"]
[Round "5.14"]
[White "Roeder, Mathias"]
[Black "Durao, Joaquim"]
[Result "1-0"]
[WhiteElo "2461"]
[BlackElo "2152"]
[PlyCount "83"]
[EventDate "2008.01.05"]
[EventType "swiss"]
[EventRounds "9"]
[EventCountry "ESP"]
[Source "lmi"]
[SourceDate "2008.01.05"]

1. Nf3 Nf6 2. c4 g6 3. Nc3 Bg7 4. e4 d6 5. d4 O-O 6. h3 e5 7. d5 Nbd7 8. Be3
Nc5 9. Nd2 a5 10. a3 Bd7 11. b4 axb4 12. axb4 Rxa1 13. Qxa1 Na6 14. Qa3 Nh5 15.
c5 Nb8 16. Nc4 dxc5 17. bxc5 f5 18. Qa7 f4 19. Bc1 Qc8 20. Ba3 Rf6 21. Na5 b6
22. Nb3 bxc5 23. Nxc5 Bf8 24. Bc4 Bd6 25. Kd2 Rf8 26. f3 Nf6 27. Rb1 g5 28. Nb7
Bxa3 29. Qxa3 Ne8 30. Qe7 Nd6 31. Qxg5+ Kf7 32. Qh5+ Kg8 33. Na5 Re8 34. g3 Re7
35. gxf4 Rg7 36. fxe5 Nxc4+ 37. Nxc4 Na6 38. e6 Be8 39. Qe5 Nc5 40. Qd4 Rg2+
41. Ne2 Qa6 42. Qxc5 1-0

[Event "33. Abierto Ciudad de Sevilla"]
[Site "Sevilla ESP"]
[Date "2008.01.08"]
[Round "5.15"]
[White "Barria, Daniel"]
[Black "Serra Olives, Tomas"]
[Result "1-0"]
[WhiteElo "2427"]
[BlackElo "2134"]
[PlyCount "65"]
[EventDate "2008.01.05"]
[EventType "swiss"]
[EventRounds "9"]
[EventCountry "ESP"]
[Source "lmi"]
[SourceDate "2008.01.05"]

1. e4 e5 2. Nf3 Nc6 3. Bb5 a6 4. Ba4 Nf6 5. O-O Be7 6. Re1 b5 7. Bb3 O-O 8. c3
d6 9. h3 Na5 10. Bc2 c5 11. d4 Qc7 12. Nbd2 Bd7 13. dxe5 dxe5 14. Nf1 c4 15.
Ne3 Rad8 16. Nd5 Nxd5 17. exd5 Rfe8 18. Nxe5 Bf6 19. d6 Qb7 20. Be4 Qc8 21.
Nxd7 Qxd7 22. Bf4 Nc6 23. Qh5 g6 24. Qf3 Ne5 25. Bxe5 Bxe5 26. Bc6 Qxd6 27.
Bxe8 Rxe8 28. g3 Re6 29. Rad1 Qc7 30. Re3 a5 31. Qa8+ Kg7 32. Qd8 Qc5 33. Rd5
1-0